Páginas escogidas [de Justo Sierra O'Reilly] /

Guardat en:
Dades bibliogràfiques
Autor principal: Sierra O'Reilly, Justo (autor)
Altres autors: Sierra, Carlos J. (prólogo y selección) (prólogo y selección)
Format: Llibre
Idioma:espanyol
Publicat: México : UNAM, 1960, c1960
Col·lecció:(Biblioteca del Estudiante Universitario ; 82)
Matèries:
Etiquetes: Afegir etiqueta
Sense etiquetes, Sigues el primer a etiquetar aquest registre!

MARC

LEADER 00000nam^a2200000^a^4500
001 000261654
005 20250521000000.0
009 20260310110518.349
037 |a Acervo Xavier Clavigero 
041 |a ESP 
082 |a 863.  |b SIE 
100 |a Sierra O'Reilly, Justo  |e (autor) 
245 1 0 |a Páginas escogidas [de Justo Sierra O'Reilly] /  |c J. Sierra O'Reilly ; pról. y selec. de C.J. Sierra. 
264 4 |a México :  |b UNAM,  |c 1960, c1960 
300 |a XXVI, 171 p. 
336 |a texto  |b txt  |2 rdacontenido 
337 |a sin mediación  |b n  |2 rdamedio 
338 |a volumen  |b nc  |2 rdasoporte 
440 1 |a (Biblioteca del Estudiante Universitario ;  |v 82) 
649 |a XX 
650 |a Crónicas Mexicanas 
650 |a Novela Mexicana 
650 |a Literatura Mexicana -  |y Siglo XIX 
700 |a Sierra, Carlos J.  |e (prólogo y selección) 
910 |a Fondo General 
920 |a Impresos - Libros 
930 |a Colección General 
940 |a Literatura 
905 |a 101 
901 |a 058784  |b IT1  |c LIT  |u 20250521 
901 |a 058782  |b IT1  |c LIT  |u 20250521 
902 |a https://opac.biblio.iteso.mx/vufind/Record/000261654